States Without Pro Sports Teams - Statistics

General Stats
  • This quiz has been taken 461 times
  • The average score is 21 of 25
Answer Stats
State % Correct
North Dakota
93%
South Dakota
93%
Alabama
92%
Maine
92%
Alaska
89%
Hawaii
89%
Montana
89%
Vermont
89%
Wyoming
88%
Idaho
87%
New Mexico
87%
South Carolina
87%
New Hampshire
86%
Arkansas
85%
Delaware
84%
Iowa
84%
Mississippi
84%
West Virginia
84%
Kansas
83%
Rhode Island
83%
Kentucky
81%
Virginia
81%
Nebraska
78%
Connecticut
76%
Nevada
71%
No matching quizzes found
Score Distribution
Percent of People with Each Score
Percentile by Number Answered
Your Score History
You have not taken this quiz